Central Library OPAC University of Rajshahi

The handbook of social psychology / (Record no. 33322)

MARC details
000 -LEADER
fixed length control field 01077nam a2200277 4500
001 - CONTROL NUMBER
control field 33322
003 - CONTROL NUMBER IDENTIFIER
rucl marc code BD-RjUL
005 - DATE AND TIME OF LATEST TRANSACTION
control field 20211209052004.0
008 - FIXED-LENGTH DATA ELEMENTS--GENERAL INFORMATION
fixed length control field 140507s1969 maua b 001 0 eng d
035 ## - SYSTEM CONTROL NUMBER
System control number (BD-RjUL)33413
040 ## - CATALOGING SOURCE
Original cataloging agency DLC
Transcribing agency DLC
Modifying agency DLC
-- BD-RjUL
Language of cataloging eng
041 ## - LANGUAGE CODE
Language code of text/sound track or separate title eng
082 00 - DEWEY DECIMAL CLASSIFICATION NUMBER
Classification number 301.1
Author mark and year HAN V-5 1969
245 14 - TITLE STATEMENT
Title The handbook of social psychology /
Statement of responsibility, etc. Edited by Gardner Lindzey and Elliot Aronson.
Number of part/section of a work Volume Five :
Name of part/section of a work Applied social psychology.
250 ## - EDITION STATEMENT
Edition statement 2d ed.
260 ## - PUBLICATION, DISTRIBUTION, ETC. (IMPRINT)
Place of publication, distribution, etc. Reading, Mass. :
Name of publisher, distributor, etc. Addison-Wesley Pub. Co.,
Date of publication, distribution, etc. c1969.
300 ## - PHYSICAL DESCRIPTION
Pagination xiv, 1036 p. ;
Illustrations ill. ;
Size 24 cm.
504 ## - BIBLIOGRAPHY, ETC. NOTE
Bibliography, etc Includes bibliographies. and Index
505 0# - FORMATTED CONTENTS NOTE
Formatted contents note v. 1. Historical introduction; systematic positions.--v. 2. Research methods.--v. 3. The individual in a social context.--v. 4. Group psychology and phenomena of interaction.--v. 5. Applied social psychology.
650 #0 - SUBJECT ADDED ENTRY--TOPICAL TERM
Topical term or geographic name as entry element Social psychology.
9 (RLIN) 101143
700 1# - ADDED ENTRY--PERSONAL NAME
Personal name Aronson, Elliot,
Relator term joint ed.
Personal name Lindzey, Gardner,
942 ## - ADDED ENTRY ELEMENTS (KOHA)
Source of classification or shelving scheme Dewey Decimal Classification
Koha item type Books
Holdings
Lost status Source of classification or shelving scheme Damaged status Not for loan Collection code Permanent Location Current Location Shelving location Date acquired Source of acquisition Total Checkouts Full call number Date last seen Copy number Koha item type Cost, normal purchase price
  Dewey Decimal Classification     Non-fiction Central Library, University of Rajshahi Central Library, University of Rajshahi   04/12/1973 Asia Foundation, Gift.   301.1 HAN V-5 1969 07/05/2014 C-6 Books  
  Dewey Decimal Classification     Non-fiction Central Library, University of Rajshahi Central Library, University of Rajshahi   04/12/1973 U.S.Govt. Gift   301.1 HAN V-5 1969 08/05/2014 C-3 Books 0.00
  Dewey Decimal Classification     Non-fiction Central Library, University of Rajshahi Central Library, University of Rajshahi   04/12/1973 us gift   301.1 HAN V-5 1969 08/05/2014 C-4 Books  
  Dewey Decimal Classification     Non-fiction Central Library, University of Rajshahi Central Library, University of Rajshahi   04/12/1973 U.S. Gift   301.1 HAN V-5 1969 08/05/2014 C-7 Books  
  Dewey Decimal Classification     Non-fiction Central Library, University of Rajshahi Central Library, University of Rajshahi   04/12/1973 U.S.A   301.1 HAN V-5 1969 08/05/2014 C-5 Books  
  Dewey Decimal Classification     Non-fiction Central Library, University of Rajshahi Central Library, University of Rajshahi   04/12/1973 U.S. Gift   301.1 HAN V-5 1969 11/05/2014 C-2 Books  
  Dewey Decimal Classification   Not For Loan Non-fiction Central Library, University of Rajshahi Central Library, University of Rajshahi Reading Room 04/12/1973 USA Govt, Gift.   301.1 HAN V-5 1969 14/05/2014 C-1 Books